000 00201nam a2200085Ia 4500
008 180219s9999 xx 000 0 und d
100 _aBhatnagar Suresh
245 0 _aAdunik Bhartya Shiksha
260 _aR Lal Meerut
260 _c2011
999 _c42301
_d42301